000 01134nam a22003497a 4500
003 CHAP
005 20220329135751.0
008 971013s1975 r 00010 d
010 _a41750
011 _a42722
035 _a46851
040 _cCHAP
090 _aFolleto 2458
100 0 0 _aFosberg, Francis Raymond.
_942664
245 _aVascular flora of the northern Marianas Islands
260 _aWashington :
_bSmithsonian Institution,
_c1975
300 _a45 p.
490 _aSmithsonian contributions to botany
_v; 22
590 _aBATCH-UPD
_b10
_c20130110
_lUCH01
_h0045
590 _aBATCH-UPD
_b10
_c20130110
_lUCH01
_h1856
590 _aBATCH-UPD
_b10
_c20130409
_lUCH01
_h2032
590 _aBATCH-UPD
_b10
_c20130914
_lUCH01
_h0732
590 _aCONVERSION
_b10
_c20130109
_lUCH01
_h1323
650 1 4 _aBotánica
_xMicronesia.
_914590
650 1 4 _aTracheophyta.
_9114572
700 0 _aFalanruw, M. V. C.
_939372
700 0 _aSachet, Marie Helene.
_9101127
830 0 _aSmithsonian contributions to botany
_v; 22
_9107168
901 _aBK
942 _cFOLL
949 _aFolleto 2458
_bBC
_cFOLL
_d-106734
_eTS1
_i46851
_mD
_si
999 _c41750
_d41750